Biotecnologías y poder /

Guardat en:
Dades bibliogràfiques
Autor principal: Acosta, José
Format: Text
Matèries:
Etiquetes: Afegir etiqueta
Sense etiquetes, Sigues el primer a etiquetar aquest registre!

MARC

LEADER 00000 a a2200000 04500
001 2899
003
040
100 |a Acosta, José  
245 |a Biotecnologías y poder /  |c José Acosta 
650 |a INGENIERIA GENETICA  
650 |a BIOTECNOLOGIA  
650 |a ETICA  
650 |a BIOINGENIERIA  
773 |g volumen 26, número 1; páginas 66-89  
999 |c 38267  |d 38267